| 000 | 00920nam a22003012a 4500 | ||
|---|---|---|---|
| 001 | 74820 | ||
| 003 | UkOxU | ||
| 005 | 20211209082616.0 | ||
| 008 | 500101s1968 nyua b 001 0 eng d | ||
| 035 | _aBD-RjUL)75038 | ||
| 040 |
_aDLC _cDLC _dUKM _dEQO _beng |
||
| 041 | _aeng | ||
| 082 |
_a350/.0001/84 _223 _bBLA 1970 |
||
| 092 | _aD0502205967 | ||
| 100 | 1 |
_aBlack, Guy. _9225735 |
|
| 245 | 1 | 4 | _aThe application of systems analysis to Government operations |
| 260 |
_aNew York : _bPraeger, _c[c1968] |
||
| 300 |
_axiv, 186 p. _billus. _c24 cm |
||
| 504 | _aBibliography: p. 173-181 | ||
| 650 | 0 |
_aPublic administration _9225736 |
|
| 650 | 0 |
_aSystem analysis _9225737 |
|
| 830 | 0 |
_aPraeger special studies in U.S. economic and social development _9225741 |
|
| 942 |
_2ddc _cBK |
||
| 999 |
_c74820 _d74820 |
||